Computer communication networks

Đã lưu trong:
Bibliografiske detaljer
Hovedforfatter: Achyut S Godbole
Format: Bog
Sprog:Undetermined
Udgivet: New Delhi Tata McGrawHill 2004
Fag:
Tags: Tilføj Tag
Ingen Tags, Vær først til at tagge denne postø!
Thư viện lưu trữ: Trung tâm Học liệu Trường Đại học Cần Thơ
LEADER 00512nam a2200193Ia 4500
001 CTU_87501
008 210402s9999 xx 000 0 und d
020 |c 107000 
082 |a 004.6 
082 |b G577 
100 |a Achyut S Godbole 
245 0 |a Computer communication networks 
245 0 |c Achyut S Godbole, Atul Kahate 
260 |a New Delhi 
260 |b Tata McGrawHill 
260 |c 2004 
650 |a computer networks 
904 |i Giang 
980 |a Trung tâm Học liệu Trường Đại học Cần Thơ